|
|
|
|
| LEADER |
00000naa0a2200000 4500 |
| 001 |
591454 |
| 005 |
20250103165405.0 |
| 035 |
|
|
|a (RuTPU)RU\TPU\tpu\1781
|
| 035 |
|
|
|a TPU00001781
|
| 090 |
|
|
|a 591454
|
| 100 |
|
|
|a 20011210d1926 k||y0rusy50 ca
|
| 101 |
0 |
|
|a rus
|
| 102 |
|
|
|a RU
|
| 200 |
1 |
|
|a Активность галоидов в органических соединениях в зависимости от электрохимического характера радикала с которым связан галоид
|f Б. В. Тронов
|
| 461 |
|
|
|t Журнал Русского физико-химического общества. Часть химическая
|
| 463 |
|
|
|t Т. 58
|v С. 1278-1301
|d 1926
|
| 610 |
1 |
|
|a химические науки
|
| 610 |
1 |
|
|a труды учёных ТПУ
|
| 700 |
|
1 |
|a Тронов
|b Б. В.
|c российский химик-органик
|c профессор ТТИ-ТПИ
|f 1891-1968
|g Борис Владимирович
|3 (RuTPU)RU\TPU\pers\21918
|
| 801 |
|
0 |
|a RU
|b 63413507
|c 20011210
|g PSBO
|
| 801 |
|
2 |
|a RU
|b 63413507
|c 20150915
|g PSBO
|
| 942 |
|
|
|c CR
|